书目信息 |
| 题名: |
人体解剖学和组织胚胎学应试向导
|
|
| 作者: | 张海东 , 于剑峰 编著 | |
| 分册: | ||
| 出版信息: | 上海 同济大学出版社 2006.10 |
|
| 页数: | 230页 | |
| 开本: | 23cm | |
| 丛书名: | 医学专业专科课程考试辅导丛书 | |
| 单 册: | ||
| 中图分类: | R322 | |
| 科图分类: | ||
| 主题词: | 人体解剖学--ren ti jie pou xue--医学院校--教学参考资料 , 人体组织学--ren ti zu zhi xue--人体胚胎学--医学院校--教学参考资料 | |
| 电子资源: | ||
| ISBN: | 7-5608-3332-2 | |
| 000 | 01148nam 2200265 450 | |
| 001 | 012007259529 | |
| 005 | 20070515162024.26 | |
| 010 | @a7-5608-3332-2@dCNY25.00 | |
| 100 | @a20070108d2006 km y0chiy0120 ea | |
| 101 | 0 | @achi |
| 102 | @aCN@b310000 | |
| 105 | @ay z 000yy | |
| 200 | 1 | @a人体解剖学和组织胚胎学应试向导@Aren ti jie pou xue he zu zhi pei tai xue ying shi xiang dao@e(医学专科版)@f张海东, 于剑峰编著@Fzhang hai dong,yu jian feng bian zhu |
| 210 | @a上海@c同济大学出版社@d2006.10 | |
| 215 | @a230页@d23cm | |
| 225 | 2 | @a医学专业专科课程考试辅导丛书@Ayi xue zhuan ye zhuan ke ke cheng kao shi fu dao cong shu |
| 330 | @a本书以卫生部规划教材(医学专科教材)为依据,组织一线教师精心编写而成。本书每章设有“重点提示”、“教材精要”及“测试题”和“参考答案”等内容。 | |
| 410 | 0 | @12001 @a医学专业专科课程考试辅导丛书 |
| 606 | 0 | @a人体解剖学@Aren ti jie pou xue@x医学院校@j教学参考资料 |
| 606 | 0 | @a人体组织学@Aren ti zu zhi xue@x人体胚胎学@x医学院校@j教学参考资料 |
| 690 | @aR322@v4 | |
| 701 | 0 | @a张海东@Azhang hai dong@4编著 |
| 701 | 0 | @a于剑峰@Ayu jian feng@4编著 |
| 801 | 0 | @aCN@c20070515 |
| 905 | @a10447@dR322@eZ110 | |
| 人体解剖学和组织胚胎学应试向导:(医学专科版)/张海东, 于剑峰编著.-上海:同济大学出版社,2006.10 |
| 230页;23cm.-(医学专业专科课程考试辅导丛书) |
| ISBN 7-5608-3332-2:CNY25.00 |
| 本书以卫生部规划教材(医学专科教材)为依据,组织一线教师精心编写而成。本书每章设有“重点提示”、“教材精要”及“测试题”和“参考答案”等内容。 |
| ● |
| 相关链接 |
|
|
|
正题名:人体解剖学和组织胚胎学应试向导
索取号:R322/Z110
 
预约/预借
| 序号 | 登录号 | 条形码 | 馆藏地/架位号 | 状态 | 备注 |
| 1 | 234756 | 202347567 | 自科库401/401自科库 14排1列2层/ [索取号:R322/Z110] | 在馆 | |
| 2 | 234757 | 202347576 | 自科库401/401自科库 14排1列2层/ [索取号:R322/Z110] | 在馆 |